|
|
|
|
| LEADER |
01247nam a22002652a 4500 |
| 001 |
000745008 |
| 003 |
CZ BrMZK |
| 005 |
20141119133945.0 |
| 007 |
ta |
| 008 |
041021s1932 xr er|||||||||||cze d |
| 015 |
|
|
|a cnb000939719
|
| 035 |
|
|
|a (OCoLC)66447749
|
| 040 |
|
|
|a ABA001
|b cze
|c PNA001
|d ABA001
|d BOA001
|
| 100 |
1 |
|
|a Vojtěch, Jan,
|d 1879-1953
|7 jk01150366
|4 aut
|
| 245 |
1 |
0 |
|a Geometrie projektivní :
|b synthetické i analytické vyšetřování projektivních příbuzností a útvarů /
|c napsal Jan Vojtěch ...
|
| 260 |
|
|
|a V Praze :
|b Jednota československých matematiků a fysiků,
|c 1932
|
| 300 |
|
|
|a [VII], 880 s. ;
|c 8°
|
| 490 |
1 |
|
|a Sborník Jednoty československých matematiků a fysiků ;
|v čís. XIX
|
| 830 |
|
0 |
|a Sborník Jednoty československých matematiků a fysiků
|
| 856 |
4 |
1 |
|u http://www.digitalniknihovna.cz/mzk/uuid/uuid:dbf56ba0-707b-11e4-b202-005056827e52
|y Digitalizovaný dokument
|x NDK
|
| 910 |
|
|
|a BOA001
|b PK-II-0034.227
|b 2-0024.453,19
|
| 964 |
|
|
|a Geometrie projektivní - úvody
|
| 990 |
|
|
|a BK
|
| 996 |
7 |
|
|b 3119656252
|c PK-II-0034.227
|l MZK
|r Sklad / do 1 hodiny
|n 6
|w 000745008
|u 000010
|a 1
|e BOA001
|j MZK50
|s A
|
| 996 |
6 |
|
|b BC-1430394
|c 2-0024.453,19
|l MZK
|r Sklad / do 24 hodin
|n 0
|w 000745008
|u 000020
|a 1
|e BOA001
|j MZK50
|s P
|